Catálogo público

El TLCAN y la inocuidad alimentaria en la industria cárnica mexicana / (Record no. 177095)

MARC details
000 -CABECERA
campo de control de longitud fija 01351nam a2200337Ia 4500
001 - NÚMERO DE CONTROL
campo de control dia_5925
003 - IDENTIFICADOR DEL NÚMERO DE CONTROL
campo de control CHAP
005 - FECHA Y HORA DE LA ÚLTIMA TRANSACCIÓN
campo de control 20230608134839.0
008 - DATOS DE LONGITUD FIJA--INFORMACIÓN GENERAL
campo de control de longitud fija 220117s2000 xx 000 0 und d
010 ## - NÚMERO DE CONTROL DE LA BIBLIOTECA DEL CONGRESO
Número de control de LC 177095
020 ## - NÚMERO INTERNACIONAL ESTÁNDAR DEL LIBRO
Número Internacional Estándar del Libro 968-884-737-2
040 ## - FUENTE DE LA CATALOGACIÓN
Centro/agencia transcriptor CHAP
082 ## - NÚMERO DE LA CLASIFICACIÓN DECIMAL DEWEY
Número de clasificación 338.187 M35 2000
100 ## - ENTRADA PRINCIPAL--NOMBRE DE PERSONA
Nombre de persona Maldonado Simán, Ema
9 (RLIN) 141174
245 ## - MENCIÓN DE TÍTULO
Título El TLCAN y la inocuidad alimentaria en la industria cárnica mexicana /
Mención de responsabilidad, etc. Ema Maldonado Simán y Myriam Sagarnaga Villegas
260 ## - PUBLICACIÓN, DISTRIBUCIÓN, ETC.
Lugar de publicación, distribución, etc. México :
Nombre del editor, distribuidor, etc. Universidad Autónoma Chapingo, Centro de Investigaciones Económicas, Sociales y Tecnológicas,
Fecha de publicación, distribución, etc. 2000
300 ## - DESCRIPCIÓN FÍSICA
Extensión 28 p.
440 ## - MENCIÓN DE SERIE/PUNTO DE ACCESO ADICIONAL--TÍTULO
Título Reporte de investigación ; 48
9 (RLIN) 141175
503 ## - NOTA DE HISTORIA BIBLIOGRÁFICA (BK CF MU) [OBSOLETO]
Nota de historia bibliográfica D.
504 ## - NOTA DE BIBLIOGRAFÍA, ETC.
Nota de bibliografía, etc. Bibliografía: p. 24-26
590 ## - NOTA LOCAL (RLIN)
Nota local HD9424.M4 M35 2000
650 ## - PUNTO DE ACCESO ADICIONAL DE MATERIA--TÉRMINO DE MATERIA
Término de materia o nombre geográfico como elemento de entrada Food safety
9 (RLIN) 148470
650 ## - PUNTO DE ACCESO ADICIONAL DE MATERIA--TÉRMINO DE MATERIA
Término de materia o nombre geográfico como elemento de entrada Inocuidad alimentaria
9 (RLIN) 58836
650 ## - PUNTO DE ACCESO ADICIONAL DE MATERIA--TÉRMINO DE MATERIA
Término de materia o nombre geográfico como elemento de entrada North American Free Trade Agreement (NAFTA) y en francés Accord de libre
Subdivisión general échange nord
-- américain (ALÉNA)
-- Livestock and meat industry
9 (RLIN) 160186
650 ## - PUNTO DE ACCESO ADICIONAL DE MATERIA--TÉRMINO DE MATERIA
Término de materia o nombre geográfico como elemento de entrada Tratado de Libre Comercio de América del Norte (TLCAN)
Subdivisión general Industria del ganado y de la carne
9 (RLIN) 160187
700 ## - PUNTO DE ACCESO ADICIONAL--NOMBRE DE PERSONA
Nombre de persona Sagarnaga Villegas, Myriam, coaut.
9 (RLIN) 160188
901 ## - ELEMENTOS DE DATOS A LOCAL LDA (RLIN)
a 338.187 M35 2000
902 ## - ELEMENTOS DE DATOS B LOCAL, LDB (RLIN)
a M
905 ## - ELEMENTOS DE DATOS E LOCAL, LDE (RLIN)
a 5232272000 mx n 8223123322spa16
942 ## - ELEMENTOS DE PUNTO DE ACCESO ADICIONAL (KOHA)
Tipo de ítem Koha Libro
Fuente del sistema de clasificación o colocación Dewey Decimal Classification
Holdings
Estado de retiro Estado de pérdida Fuente del sistema de clasificación o colocación Estado dañado No para préstamo Código de colección Localización permanente Ubicación/localización actual Fecha de adquisición Información codificada de la localización en otra ubicación Total de préstamos Signatura topográfica completa Código de barras Fecha visto por última vez Número de copia Precio válido a partir de Tipo de ítem Koha
    Dewey Decimal Classification     General Ingenieria Agroindustrial Ingenieria Agroindustrial 18/01/2022 1   338.187 M35 2000 dia_009305 18/01/2022 1 18/01/2022 Libro